[Event "CZE-ch Seniors 65"]
[Site "Olomouc"]
[Date "2023.08.19"]
[Round "9"]
[White "Fiser, Milos"]
[Black "Klimes, Jiri"]
[Result "1/2-1/2"]
[WhiteElo "1794"]
[BlackElo "1719"]
[PlyCount "72"]
[EventDate "2023.08.12"]
[EventType "swiss"]
[EventRounds "9"]
[EventCountry "CZE"]
[SourceTitle "EXT 2024"]
[Source "ChessBase"]
[SourceDate "2023.10.10"]
[SourceVersion "1"]
[SourceVersionDate "2023.10.10"]
[SourceQuality "1"]

1. d4 Nf6 2. Nf3 d5 3. e3 Bg4 4. c4 e6 5. a3 c5 6. h3 Bh5 7. Be2 Nc6 8. cxd5 Nxd5 9. Nc3 Be7 10. 0-0 0-0 11. Qd2 cxd4 12. Nxd4 Nxd4 13. exd4 Bxe2 14. Nxe2 Qd6 15. Qd3 Bf6 16. Be3 Rac8 17. Rac1 h6 18. b4 Nxe3 19. fxe3 Rfd8 20. Rxc8 Rxc8 21. Qe4 Qc6 22. Qg4 Bg5 23. Qg3 Qe4 24. Qf3 Qxf3 25. Rxf3 Rc2 26. Kf2 Bf6 27. Ke1 Kf8 28. Kd1 Ra2 29. e4 Ke7 30. g3 Ra1+ 31. Kc2 g5 32. g4 Bg7 33. Rd3 Ra2+ 34. Kd1 Ra1+ 35. Kc2 Ra2+ 36. Kd1 Kd6 1/2-1/2

[Event "Olomouc Seniors op"]
[Site "Olomouc"]
[Date "2022.08.16"]
[Round "5"]
[White "Dvorak, Vladimir"]
[Black "Fiser, Milos"]
[Result "1-0"]
[WhiteElo "1900"]
[BlackElo "1789"]
[PlyCount "85"]
[EventDate "2022.08.13"]
[EventType "swiss"]
[EventRounds "9"]
[EventCountry "CZE"]
[SourceTitle "CBM 209 Extra"]
[Source "ChessBase"]
[SourceDate "2022.09.30"]
[SourceVersion "1"]
[SourceVersionDate "2022.09.30"]
[SourceQuality "1"]

1. e4 e6 2. d4 d5 3. Nc3 Nf6 4. Bg5 Be7 5. e5 Nfd7 6. Bxe7 Qxe7 7. Qg4 0-0 8. Nf3 c5 9. Bd3 f5 10. exf6 Qxf6 11. 0-0 c4 12. Be2 h6 13. Nb5 Na6 14. b3 cxb3 15. axb3 e5 16. Qh5 Qf5 17. Qxf5 Rxf5 18. Nd6 Rf6 19. dxe5 Re6 20. Nd4 Rxe5 21. f4 Re7 22. Bg4 Nb6 23. Nxc8 Nxc8 24. Rfe1 Nc7 25. Ne6 Kh8 26. Nxc7 Rxc7 27. Re8+ Kh7 28. Rd1 Nb6 29. Rxa8 Nxa8 30. Rxd5 Nb6 31. Rd6 Rf7 32. g3 Na8 33. c4 Nc7 34. Bf3 Re7 35. Bh5 Ne8 36. Bg6+ Kg8 37. Rd8 Kf8 38. Kf2 Re6 39. f5 Re5 40. Kf3 Re1 41. b4 Re7 42. c5 a6 43. Rb8 1-0

[Event "Olomouc Seniors op"]
[Site "Olomouc"]
[Date "2022.08.15"]
[Round "4"]
[White "Fiser, Milos"]
[Black "Heppell, Ian"]
[Result "1/2-1/2"]
[WhiteElo "1789"]
[BlackElo "2031"]
[PlyCount "40"]
[EventDate "2022.08.13"]
[EventType "swiss"]
[EventRounds "9"]
[EventCountry "CZE"]
[SourceTitle "CBM 209 Extra"]
[Source "ChessBase"]
[SourceDate "2022.09.30"]
[SourceVersion "1"]
[SourceVersionDate "2022.09.30"]
[SourceQuality "1"]

1. d4 d6 2. Nf3 f5 3. c4 Nf6 4. Nc3 g6 5. e3 Bg7 6. Be2 0-0 7. 0-0 Qe8 8. Qc2 e5 9. dxe5 dxe5 10. b4 Na6 11. a3 c6 12. Bb2 e4 13. Nd4 Nc7 14. a4 Ne6 15. Nxe6 Bxe6 16. Rfd1 Qf7 17. Nb1 Rfd8 18. Na3 Qe7 19. Bc3 Bf7 20. Qb2 Ne8 1/2-1/2